Polish Verbs (Irregular) - Statistics

General Stats
  • This quiz has been taken 18 times
    16 since last reset
  • The average score is 8 of 13
Answer Stats
Hint Answer % Correct
be byc
86%
eat jesc
86%
drink pic
86%
go isc
79%
have miec
79%
sleep spac
79%
want chciec
71%
give dac
71%
be able moc
71%
take brac
57%
know znac
57%
go jechac
21%
come przjsc
0%
No matching quizzes found
Score Distribution
Percent of People with Each Score
Percentile by Number Answered
Your Score History
You have not taken this quiz since the last reset